Maillots de NBA les plus vendus - Statistiques

Statistiques générales
  • Ce quiz a été pris 137 fois
    129 depuis la dernière actualisation
  • Le résultat moyen est 12 sur 20
Statistiques - réponses
# Réponse % Correct
2025, 2024, 2023 23 LeBron James
99%
2025, 2024, 2023 30 Stephen Curry
97%
2025, 2024, 2023 77 Luka Dončić
91%
2025, 2024 1 V. Wembanyama
81%
2025, 2024, 2023 35 Kevin Durant
80%
2025, 2024, 2023 15 Nikola Jokić
78%
2025, 2024, 2023 34 G. Antetokounmpo
77%
2025, 2024, 2023 0 Jayson Tatum
70%
2025 2 S. Gilgeous Alexander
56%
2025 5 Anthony Edwards
55%
2024, 2023 21 Joel Embiid
51%
2023 11 Kyrie Irving
50%
2025, 2024, 2023 12 Ja Morant
47%
2024, 2023 0 Damian Lillard
43%
2025, 2023 7 Jaylen Brown
42%
2025, 2024, 2023 1 Devin Booker
39%
2025, 2024, 2023 2 LaMelo Ball
38%
2025, 2024 11 Jalen Brunson
36%
2024 0 Tyrese Maxey
20%
2023 3 Jordan Poole
6%
Aucun quiz correspondant
Distribution des résultats
% des personnes avec chaque résultat
Percentile par nombre de réponses
Votre historique - résultats
Vous n’avez pas pris ce quiz depuis la dernière actualisation